000 00670nam a22001697a 4500
999 _c7995
_d7995
003 GBCCL
005 20241126110641.0
008 181123b ||||| |||| 00| 0 eng d
040 _cGBC
082 _aARCH GBC-2016
_bKHU
100 _aKhualmang, N
_913958
245 _aThe Need For Discipleship in the Church Ministry of the Southern Manipur Churches With Special Reference to the Ministry Approach of the Evangelical Baptist Convention |
_cN. Khualmang
260 _aNew Lamka:
_bGrace Bible College,
_c2016
300 _ax + 67 p.;
_c21 x 29 cm.
650 _aDiscipleship
_vChurch Ministry
_xEvangelical Baptist Convention
_zLamka
_zChurachandpur
_913959
942 _2ddc
_cTH